Statistics for Lande I Europa Quiz

Click here to take the quiz!

General Stats

  • This quiz has been taken 1.243 times
  • The average score is 34 of 45

Answers on the Map

Answers color-coded by a green-red scale on the quiz's map according to % correct below.
 

Answer Stats

Land% Correct
Danmark
98%
Norge
97%
Sverige
97%
Tyskland
97%
Frankrig
96%
Italien
96%
Spanien
96%
Storbritannien
94%
Finland
93%
Rusland
93%
Holland
91%
Portugal
91%
Polen
90%
Irland
89%
Belgien
87%
Island
87%
Grækenland
86%
Ukraine
86%
Letland
85%
Østrig
85%
Estland
84%
Kroatien
78%
Litauen
78%
Schweiz
76%
Tjekkiet
76%
Albanien
74%
Hviderusland
74%
Luxembourg
74%
Slovakiet
70%
Rumænien
68%
Bulgarien
67%
Serbien
65%
Slovenien
65%
Ungarn
64%
Malta
61%
Andorra
60%
Bosnien-Herzegovina
58%
Monaco
58%
San Marino
57%
Moldova
56%
Nord Makedonien
52%
Kosovo
51%
Vatikanstaten
50%
Liechtenstein
48%
Montenegro
47%

Score Distribution

Percentile by Number Answered

Percent of People with Each Score

Your Score History

You have not taken this quiz